000 01153nam a22002537a 4500
001 BRCA_9297
003 FranzMayer
005 20230726124212.0
008 230726b |||||||| |||| 00| 0 eng d
040 _aMFM
_besp
_cMFM
050 4 _aLM42
_bB37 1725
082 _2CR3499
100 1 _4Autor
_aBap. Nivarri, Juan
_928975
240 1 _aTitulos de la Hacienda de S Phelipe, perteneciente a Dn Joseph de Cartefons
_hJ el 20 de marzo de 1725 en Juan Bap. Nibarri
_lEspañol
245 0 _aTítulos de la Hacienda de S. Phelipe, perteneciente a Dn Joseph de Cartefons
_bJ el 20 de marzo de 1725 en Juan Bap. Nibarri
260 _c1725
300 _a814 p
_c31 cm
500 _aEl libro tiene algunos daños en varias hojas que fueron reparados.
500 _aEl libro es un comprendido de varios documentos, por lo que algunas hojas se encuentran desprendidas.
505 0 _aTexto en: españolDirigido a: historiadores, antropólogos personas que busquen a familiares "arboles familiares"
650 1 _2Realeza
_aHerencias
_vProvincias
_928976
651 2 _2Títulos de honor
_aTítulos nobiliarios
_vFelipe de Castilla
_928977
942 _2lcc
_cB
999 _c10919
_d10919